000 00789nam a2200289Ia 4500
003 OSt
005 20221007110326.0
006 a|||||r|||| 00| 0
007 ta
008 221006b |||||||| |||| 00| 0 eng d
020 _a8175342323
024 _a20,886
037 _cTextual
040 _aLCO
_cLCO
_beng
041 _2eng
_aeng
082 _aZk, G7
100 _aOppe A.S.
_9707379
245 0 _aLaw Lexicon
250 _a14th
260 _aDelhi
_bUniversal Law Publishing Co. Pvt. Ltd. India
_c1937
300 _a1081
500 _aExplanations of Technical Terms and Phrases Ancient, Modern, And Commercial
650 _aLAW LEXICON
_9701341
700 _a Wharton
_9686788
942 _hZk, G7
_cTEXL
999 _c1190449
_d1190449